Trends, Challenges & Future in Library and Information Science/ (Record no. 201802)
[ view plain ]
| 000 -LEADER | |
|---|---|
| fixed length control field | 00673nam a22001817a 4500 |
| 005 - DATE AND TIME OF LATEST TRANSACTION | |
| control field | 20240327123405.0 |
| 010 ## - LCCN (DPL NO) | |
| LC control number | ENG-139954 |
| 020 ## - INTERNATIONAL STANDARD BOOK NUMBER | |
| International Standard Book Number | 9788195172870 |
| Terms of availability | 300.00 |
| 035 ## - SYSTEM CONTROL NUMBER | |
| System control number | EN-123486 |
| 037 ## - SOURCE OF ACQUISITION | |
| Source of stock number/acquisition | DBAD/PUB |
| 082 ## - DEWEY DECIMAL CLASSIFICATION NUMBER | |
| Classification number | 025.4 |
| 245 ## - TITLE STATEMENT | |
| Title | Trends, Challenges & Future in Library and Information Science/ |
| Statement of responsibility, etc | ed. by Prabhat Pandey |
| 260 ## - PUBLICATION, DISTRIBUTION, ETC. (IMPRINT) | |
| Place of publication, distribution, etc | Kanpur |
| Name of publisher, distributor, etc | Social Research Foundation |
| 270 ## - ADDRESS | |
| Address | 128/170, H-Block, Kidwai Nagar |
| City | Kanpur |
| Postal code | Kanpur-11 |
| Telephone number | 9335332333 |
| 300 ## - PHYSICAL DESCRIPTION | |
| Extent | iv,114p. |
| Dimensions | 21cm(Hb) |
| 710 ## - ADDED ENTRY--CORPORATE NAME | |
| Corporate name or jurisdiction name as entry element | Pandey, Prabhat |
| 9 (RLIN) | 63980 |
| 942 ## - ADDED ENTRY ELEMENTS (KOHA) | |
| Source of classification or shelving scheme | Dewey Decimal Classification |
| Item type | English Books |
| Classification part | 025.4 |
| Call number suffix | TRE |
| Withdrawn status | Lost status | Not for loan | Collection code | Home library | Current library | Date acquired | Source of acquisition | Cost, normal purchase price | Full call number | Barcode | Copy number | Cost, replacement price | Koha item type |
|---|---|---|---|---|---|---|---|---|---|---|---|---|---|
| Non-fiction | Bawana | Bawana | 27/03/2024 | DBAD | 300.00 | 025.4 TRE | EN-123486 | 1 | 300.00 | English Books |
